Statistics for UEFA Euro 2024 Countries

Click here to take the quiz!

General Stats

  • This quiz has been taken 5,562 times
    (4,220 since last reset)
  • The average score is 22 of 24

Answer Stats

TeamGroup% Correct
GermanyA1
98%
ItalyB3
98%
PortugalF3
98%
SpainB1
98%
EnglandC4
97%
FranceD4
97%
BelgiumE1
95%
NetherlandsD2
95%
PolandD1
95%
CroatiaB2
94%
AustriaD3
93%
DenmarkC2
93%
SwitzerlandA4
93%
HungaryA3
91%
SerbiaC3
91%
SlovakiaE2
91%
SloveniaC1
91%
UkraineE4
91%
ScotlandA2
90%
Czech RepublicF4
89%
RomaniaE3
89%
TurkeyF1
88%
AlbaniaB4
87%
GeorgiaF2
68%

Score Distribution

Percentile by Number Answered

Percent of People with Each Score

Your Score History

You have not taken this quiz since the last reset